00343nam a2200097Ia 4500008004100000020001800041100001900059245010700078260004100185300001900226180205s9999 xx 000 0 und d a9781475824735 aSheehan, Kevin cRyan, JessicaaGrowing a growth mindset :bunlocking character strengths through children's literature aLondon :bRowman & Littlefieldc2017 avii, 212 pages